=LDR 00000nam 2200000 4500 =001 INLIS000000000003663 =005 20130612091951 =008 ***********************************Ind** =035 ##$$0010-061300000003663 =041 ##$$a Ind =082 ##$$a 520.72 =090 ##$$a 520.72, Per =245 ##$$a Perjalanan mengenal astronomi, penyunting, Adriana Wisni Ariasti =260 ##$$a 1995 $b Bandung =300 ##$$a 84 hlm., ilus., 24 cm =650 ##$$a Astronomi =700 ##$$a Ariasti, Adriana Wisni =850 ##$$a NBPNMAT =990 ##$$a 0001/BPAP-NTB/2015 =990 ##$$a 0001/BPAP-NTB/2015